00453nam a22001577a 450000500170000001000150001702000260003203500130005803700130007108200130008410000210009724500520011826000370017027000590020730000290026620141201111750.0 aENG-111299 a9789382303336c400.00 aEN-94831 bDBAD/PUB a355.0092 aGanguly, Kartick aMoments of maximum danger /cby Kartick Ganguly aKolkatabSmriti Publishersc2014 aOasis CF-41, Sector I, Salt Lake CitybKolkatae700009 a288p. :c21cm(pbk)bill.